000 01023cam a22003378a 4500
001 5432404
003 OSt
005 20170215093414.0
008 041115s2005 nju 000 0 eng
010 _a 2004027312
020 _a0131409417 (hardcover)
020 _a0131870351 (student access kit)
035 _a(OCoLC)ocm57008006
035 _a(NNC)5432404
040 _aDLC
_cDLC
_dOCLCQ
_dSTF
_dNNC
042 _apcc
050 0 0 _aQH308.2
_b.F73 2005
082 0 0 _a570
_222
100 1 _aFreeman, Scott,
_d1955-
245 1 0 _aBiological science /
_cScott Freeman.
250 _a2nd ed.
260 _aUpper Saddle River, N.J. :
_bPearson Prentice Hall,
_cc2005.
263 _a0501
300 _axxx, 1283, [76] p. :
_bill. (chiefly col.), maps ;
_c29 cm. +
_e1 CD-ROM (4 3/4 in.)
650 0 _aBiology.
856 4 1 _3Table of contents
_uhttp://www.loc.gov/catdir/toc/ecip053/2004027312.html
942 _2lcc
_cBK
948 1 _a20050926
_bc
_crad1
_dMPS
948 2 _a20050926
_ba
_crad1
_dMPS
999 _c255499
_d255498